Protests by pupils : empowerment, schooling, and the state

Αποθηκεύτηκε σε:
Λεπτομέρειες βιβλιογραφικής εγγραφής
Κύριος συγγραφέας: Adams, Robert 1944-
Μορφή: Βιβλίο
Γλώσσα:English
Δημοσίευση: London ; New York : Falmer Press, 1991
Θέματα:
Ετικέτες: Προσθήκη ετικέτας
Δεν υπάρχουν, Καταχωρήστε ετικέτα πρώτοι!

MARC

LEADER 00000nam a2200000 i 4500
001 1/83407
008 980929s1991 eng d
020 |a 1-85000-884-1 
035 |l 10034186 
035 |a 1991  |b 3  |c Σολομών 
040 |a GR-MY-UA  |b gre  |e aacr 
041 0 |a eng 
082 0 |a 378.1981  |2 (20) 
100 1 |a Adams, Robert  |d 1944- 
245 1 0 |a Protests by pupils :  |b empowerment, schooling, and the state /  |c Robert Adams 
260 |a London ; New York :   |b Falmer Press,   |c 1991 
300 |a viii, 245 p.;  |c 25 cm 
504 |a Περιέχει βιβλιογραφικές παραπομπές (σ. 229-237) and index 
650 0 0 |a Student movements  |z Great Britain. 
650 0 0 |a Student movements  |z Great Britain  |x History. 
852 |a INST  |b RHODES  |e 19980929  |h 378.1981 ADA  |p 005400008069  |q 005400008069  |t BK  |y 0 
909 |a Ρ  |b 021786  |c 1991